El orden jurídico medieval y el derecho local del Madrid de San Isidro / (Record no. 127113)

MARC details
000 -LEADER
campo de control de longitud fija 01134nam a2200289 i 4500
001 - NÚMERO DE CONTROL
campo de control 127113
003 - IDENTIFICADOR DE NÚMERO DE CONTROL
campo de control ES-MaACL
005 - FECHA Y HORA DE LA ÚLTIMA TRANSACCIÓN
campo de control 20250806062541.0
007 - CAMPO FIJO DE DESCRIPCIÓN FÍSICA--INFORMACIÓN GENERAL
campo de control de longitud fija t|
008 - DATOS DE LONGITUD FIJA--INFORMACIÓN GENERAL
campo de control de longitud fija 161130s2012 sp |||| | spa d
080 ## - NÚMERO DE LA CLASIFICACIÓN DECIMAL UNIVERSAL
Número de la Clasificación Decimal Universal 352(460.27 M.)"12"
080 ## - NÚMERO DE LA CLASIFICACIÓN DECIMAL UNIVERSAL
Número de la Clasificación Decimal Universal 94(460.27 M.)"11/12"
100 1# - ENTRADA PRINCIPAL--NOMBRE DE PERSONA
Nombre de persona Huertas Vázquez, Eduardo
9 (RLIN) 64577
245 13 - MENCIÓN DEL TÍTULO
Título El orden jurídico medieval y el derecho local del Madrid de San Isidro /
Mención de responsabilidad, etc. por Eduardo L. Huertas Vázquez.
260 ## - PUBLICACIÓN, DISTRIBUCIÓN, ETC.
Lugar de publicación, distribución, etc. Madrid :
Nombre del editor, distribuidor, etc. Instituto de Estudios Madrileños,
Fecha de publicación, distribución, etc. 2012.
300 ## - DESCRIPCIÓN FÍSICA
Extensión P. 263-288 ;
Dimensiones 24 cm.
490 1# - MENCIÓN DE SERIE
Mención de serie Ciclo de conferencias: San Isidro y Madrid ;
Designación de volumen o secuencia 14
504 ## - NOTA DE BIBLIOGRAFÍA, ETC.
Nota de bibliografía, etc. Referencias bibliográficas.
594 ## - Nota al título y mención de responsabilidad
Nota al título y mención de responsabilidad En p. 263: "Conferencia pronunciada el día 6 de junio de 2006, en el Museo de los Orígenes (antes Museo de San Isidro)"
594 ## - Nota al título y mención de responsabilidad
Nota al título y mención de responsabilidad Datos tomados de cub.
650 04 - PUNTO DE ACCESO ADICIONAL DE MATERIA--TÉRMINO DE MATERIA
Término de materia o nombre geográfico como elemento de entrada Fueros-
Subdivisión geográfica Madrid.
9 (RLIN) 12992
651 #4 - PUNTO DE ACCESO ADICIONAL DE MATERIA--NOMBRE GEOGRÁFICO
Nombre geográfico Madrid-
Subdivisión general Historia-
Subdivisión cronológica S.V-XV.
9 (RLIN) 8967
710 2# - ENTRADA AGREGADA--NOMBRE DE ENTIDAD CORPORATIVA
Nombre de entidad corporativa o nombre de jurisdicción como elemento de entrada Instituto de Estudios Madrileños
9 (RLIN) 4916
830 0# - PUNTO DE ACCESO ADICIONAL DE SERIE-TÍTULO UNIFORME
Título uniforme Ciclo de conferencias: San Isidro y Madrid ;
Designación de volumen o secuencia 14
9 (RLIN) 219172
852 ## - LOCALIZACIÓN
Ubicación ES-MaACL
Número de control de estantería 2333-F-8
Holdings
Estatus retirado Estado de pérdida Estado de daño No para préstamo Colección Biblioteca de origen Biblioteca actual Ubicación en estantería Fecha de adquisición Fuente de adquisición Total de préstamos Signatura topográfica completa Código de barras Visto por última vez Precio de reemplazo Tipo de ítem Koha
        Colección de folletos Biblioteca del Ateneo de Madrid Biblioteca del Ateneo de Madrid Depósito folletos 17/01/2008     2333-F-8 1132394 23/02/2023 23/02/2023 Folleto